| 000 | 00730nam a2200205Ii 4500 | ||
|---|---|---|---|
| 003 | JO-AjNU | ||
| 008 | 230605s9999||||xx |||||||||||||| ||und|| | ||
| 040 |
_aJO-AjNU _bara _erda _cJO-AjNU |
||
| 041 | _aara | ||
| 050 | 1 | 4 | _aHF 5415 .6.M3622.2002 |
| 100 | 3 |
_aمنديل،عبد الجبار, _eauthor _933460 |
|
| 245 | 0 | 0 | _aاسس التسويق الحديث |
| 250 | _aط1 | ||
| 264 | 3 | 1 | _aعمان:الدار العلمية الدولية ،دار الثقافة للنشر والتوزيع؛2002 |
| 300 |
_a287ص _bيحتوي على ببلوغرافية من ص285-287ص |
||
| 336 |
_atext _btxt _2rdacontent |
||
| 337 |
_aunmediated _bn _2rdamedia |
||
| 338 |
_avolume _bnc _2rdacarrier |
||
| 650 | 4 |
_aالتسويق _933461 |
|
| 999 |
_aA13622 _c17190 _d17190 |
||